Anl̀isis fiscal y jurd̕ico de las Normas de Informacin̤ Financiera

Detalles Bibliográficos
Autor principal: Orozco Loya, Carlos
Formato: eBook
Lenguaje:español
Materias:
Acceso en línea:Acceso restringido

MARC

LEADER 00000nam a22000007a 4500
005 20181031010417.0
007 cr|||| ||||
008 181031s2018 mx |||||s|||| 00||0 spa d
020 |a 978-607-474-104-9 
035 |a 22117 
040 |a vLex 
090 |c 8240  |d 8240 
100 1 |a Orozco Loya, Carlos 
245 1 0 |a Anl̀isis fiscal y jurd̕ico de las Normas de Informacin̤ Financiera  |h [Recurso electrn̤ico] /  |c Carlos Orozco Loya 
256 |a Servicio en ln̕ea 
300 |a 1 recurso electrn̤ico 
506 1 |a Disponible solo en los productos indicados  |d vLex Global  |d vLex Global (Academic Edition, excluding Law Schools)  |d vLex Global (U.S. Academic Edition, Law Schools)  |d vLex Global (U.S. Academic Edition, excluding Law Schools)  |d vLex Global (Academic Edition, Law Schools) 
650 0 4 |a Derecho Fiscal  |z Mx̌ico 
650 0 4 |a Financiero  |z Mx̌ico 
740 0 |a vLex Libros (Servicio en ln̕ea) 
856 4 0 |u http://vlex.com/source/analisis-fiscal-juridico-normas-informacion-financiera-22117  |z Acceso restringido 
942 |c BOOK 
999 0 |a Tax Law 
999 0 |a Financial